| 000 | 00721nam a22002651a 4500 | ||
|---|---|---|---|
| 003 | AR-RoIUNI | ||
| 005 | 20190422152936.0 | ||
| 008 | 080225s1955 ag |||||||||||||| ||spa | ||
| 015 | _aAR-1955 | ||
| 040 |
_aAR-BaBN _cIUNIR |
||
| 044 |
_aag _car-c |
||
| 080 | _a616-007 FIS | ||
| 100 | 1 | _aFisher, Alfredo | |
| 245 | 1 | 0 |
_aLaboratorio _bAnálisis clínicos |
| 250 | _a6a. ed. | ||
| 260 |
_aBuenos Aires : _bEl Ateneo, _c1955. |
||
| 300 | _a346 p. | ||
| 650 | 1 | 0 |
_9240 _aSemiología |
| 930 | 1 |
_lBNA01 _mLIBRO _600255245 _820110912 _f11 |
|
| 930 | 1 |
_lBNA01 _mLIBRO _600835358 _820110912 _f11 |
|
| 942 |
_2cdu _cBK |
||
| 956 |
_aGSL _b00 _c20110915 _lBNA01 _h2243 |
||
| 956 |
_aGSL _c20130614 _lBNA01 _h1708 |
||
| 999 |
_c4485 _d4485 |
||